000 00656cam a22002173a 4500
001 19492
003 PGUSA
005 20140828083419.0
008 061007s2006||||xxu|||||s|||||000 | eng d
040 _aPGUSA
_beng
042 _adc
050 4 _aAP
245 1 4 _aThe Atlantic Monthly, Volume 13, No. 77, March, 1864 :
_bA Magazine of Literature, Art, and Politics
_h[electronic resource] /
_cVarious
260 _bProject Gutenberg,
_c2006
506 _aPublic domain in the USA.
516 _aElectronic text
653 _aAmerican periodicals
830 0 _aProject Gutenberg
_v19492
856 4 0 _uhttp://www.gutenberg.org/ebooks/19492
942 _cEB
999 _c248747
_d248747